Rassen in Midden Aarde - Lord of the Rings - Statistieken

Algemene statistieken
  • Deze quiz is 19 keer genomen
    16 sinds de laatste reset
  • De gemiddelde score is 13 van 23
Antwoordstatistieken
Antwoord % Correct
Elfen
100%
Mensen
100%
Orks
100%
Dwergen
92%
Maiar (Tovenaars)
85%
Hobbits
77%
Maiar (Sauron, Balrog, Saruman)
69%
Uruk-Hai
69%
Adelaars
62%
Draken
62%
Enten
62%
Trollen
62%
Aardmannen
54%
Geesten (Ringgeesten / Grafgeesten)
46%
Mearas (Shadowfax)
46%
Wargs
46%
Mûmakil
38%
Spinnen
38%
Reuzen
31%
Beornings
23%
Vreselijke beesten
15%
Huorns
8%
Crebain
0%
Geen overeenkomende quizzen gevonden
Scoreverdeling
Procent van Mensen met Elke Score
Percentiel versus Aantal Correcte Antwoorden
Uw Scoregeschiedenis
U heeft deze quiz nog niet genomen sinds de laatste reset